| 000 | 00413nam a2200169Ia 4500 | ||
|---|---|---|---|
| 008 | 170705s9999 xx 000 0 und d | ||
| 020 | _a9780062185105 | ||
| 245 | _aDo you want to be my friend? / | ||
| 245 | _cby Eric Carle. | ||
| 260 | _aNew York : | ||
| 260 | _bHarperCollins Publishers, | ||
| 260 | _c1976 | ||
| 300 | _aunpaged : | ||
| 300 | _bcolor illustration ; | ||
| 300 | _c13cm. | ||
| 500 | _a200 | ||
| 999 |
_c337349 _d337349 |
||